000 00617nam a22001937a 4500
999 _c14303
_d14303
003 MIRAKIL
005 20201222120101.0
008 201222b tu ||||| |||| 00| 0 tur d
040 _aTR-AnCHP
_btur
_cTR-AnCHP
041 _atur
082 _a811.42
_bP36m 1981
100 _aPepeyi, Haluk Nihat
245 _aMilli mücadele destanı/
_cHaluk Nihat Pepeyi.
260 _aAnkara:
_bKültür Bakanlığı,
_c1981.
300 _a61 s.:
_c19 sm.
490 0 _aKültür Bakanlığı Yayınları;
_aDoğumunun 100. yılında Atatürk yayınları ;
_v415.
_v24.
650 0 _aTürk edebiyatı
_xŞiir
_919
942 _2ddc
_cBKS